[Event "Ayvalik Ananas"]
[Site "Ayvalik"]
[Date "2024.01.28"]
[Round "7.4"]
[White "Nadj Hedjesi, Balind"]
[Black "Pasa, Ahmet"]
[Result "1-0"]
[WhiteElo "2238"]
[BlackElo "1799"]
[PlyCount "51"]
[EventDate "2024.01.25"]
[EventType "schev"]
[EventRounds "10"]
[EventCountry "TUR"]
[SourceTitle "CB05_2024"]
[SourceDate "2024.01.31"]
[SourceVersion "1"]
[SourceVersionDate "2024.01.31"]
[SourceQuality "1"]
[WhiteTeam "Masters"]
[BlackTeam "Stars"]
[WhiteTeamCountry "TUR"]
[BlackTeamCountry "TUR"]

1. Nf3 d5 2. g3 Nc6 3. d4 Bg4 4. Bg2 Qd7 5. c4 e6 6. Nbd2 0-0-0 7. 0-0 Bb4 8. c5 Bxd2 9. Qxd2 Bxf3 10. exf3 Kb8 11. Re1 h5 12. b4 Nce7 13. a4 h4 14. b5 hxg3 15. hxg3 Ka8 16. c6 bxc6 17. Ba3 Rb8 18. Bf1 c5 19. Bxc5 Nh6 20. Bxa7 Rb7 21. Bc5 f5 22. Qe3 Nc8 23. Qxe6 Qd8 24. a5 f4 25. a6 Ra7 26. Qc6+ 1-0

[Event "Ayvalik Ananas"]
[Site "Ayvalik"]
[Date "2024.01.25"]
[Round "2.4"]
[White "Pasa, Ahmet"]
[Black "Nadj Hedjesi, Balind"]
[Result "1-0"]
[WhiteElo "1799"]
[BlackElo "2238"]
[PlyCount "93"]
[EventDate "2024.01.25"]
[EventType "schev"]
[EventRounds "10"]
[EventCountry "TUR"]
[SourceTitle "CB05_2024"]
[SourceDate "2024.01.31"]
[SourceVersion "1"]
[SourceVersionDate "2024.01.31"]
[SourceQuality "1"]
[WhiteTeam "Stars"]
[BlackTeam "Masters"]
[WhiteTeamCountry "TUR"]
[BlackTeamCountry "TUR"]

1. e4 e6 2. d4 d5 3. Nd2 c5 4. Ngf3 cxd4 5. Nxd4 Nc6 6. Nxc6 bxc6 7. Bd3 Nf6 8. 0-0 Qc7 9. Qe2 Bd6 10. h3 0-0 11. Re1 e5 12. c4 Bb7 13. a3 a5 14. b3 dxe4 15. Bxe4 Nxe4 16. Nxe4 Be7 17. Bb2 f6 18. Rad1 Rfd8 19. Rxd8+ Qxd8 20. Rd1 Qf8 21. c5 Ba6 22. Qc2 Rd8 23. b4 axb4 24. axb4 Rxd1+ 25. Qxd1 Qf7 26. Qd7 Bf8 27. Qd2 Qd5 28. Qxd5+ cxd5 29. Nc3 Bb7 30. Na4 Bc6 31. Nb6 Kf7 32. f4 Ke6 33. fxe5 fxe5 34. Nc8 d4 35. Na7 d3 36. Bc3 Ba4 37. Kf2 Kd5 38. Ke3 e4 39. Nc8 Bc2 40. Nb6+ Kc6 41. Bd2 g6 42. Kxe4 Bh6 43. Nc4 Kb5 44. Na3+ Ka4 45. Nxc2 Bxd2 46. Kxd3 Bf4 47. Kc4 1-0

[Event "CYP-ch op"]
[Site "Nikosia"]
[Date "2021.06.20"]
[Round "6"]
[White "Rousis, Chrysostomos"]
[Black "Pasa, Ahmet"]
[Result "1-0"]
[WhiteElo "1692"]
[BlackElo "1577"]
[PlyCount "103"]
[EventDate "2021.06.11"]
[EventType "swiss"]
[EventRounds "7"]
[EventCountry "CYP"]
[SourceTitle "EXT 2023"]
[Source "ChessBase"]
[SourceDate "2022.10.05"]
[SourceVersion "1"]
[SourceVersionDate "2022.10.05"]
[SourceQuality "1"]

1. e4 c5 2. Nf3 e6 3. d4 cxd4 4. Nxd4 Nf6 5. Nc3 d6 6. Bd3 a6 7. 0-0 b5 8. a3 Bb7 9. Qe2 Nbd7 10. f4 Qc7 11. Bd2 Be7 12. Rae1 Rc8 13. Kh1 Nb6 14. e5 dxe5 15. fxe5 Nfd7 16. Qg4 g6 17. Rxf7 Nc5 18. Bxg6 hxg6 19. Qxg6 Kd8 20. Rxe7 Qxe7 21. Bg5 Kd7 22. Bxe7 Rcg8 23. Qxg8 Rxg8 24. Bxc5 Rxg2 25. Ne4 Rg4 26. Bxb6 Bxe4+ 27. Rxe4 Rxe4 28. Nf3 Re2 29. Bd4 Rxc2 30. Bc3 Re2 31. h4 Rf2 32. Ne1 Rf4 33. Ng2 Rf3 34. Kh2 Ke7 35. Ne1 Re3 36. Kg2 Kf7 37. Nf3 Kg6 38. Kf2 Re4 39. Ng5 Rf4+ 40. Kg3 Kf5 41. Nxe6 Rg4+ 42. Kh3 Rg1 43. Nd4+ Ke4 44. e6 Ke3 45. h5 Rg8 46. e7 Re8 47. Nc6 Kf3 48. h6 Rg8 49. Bg7 Kf4 50. h7 Rxg7 51. h8Q Rg3+ 52. Kh2 1-0

[Event "TUR Cup"]
[Site "Antalya"]
[Date "2019.02.02"]
[Round "10"]
[White "Pasa, Ahmet"]
[Black "Erim, Engin"]
[Result "1/2-1/2"]
[WhiteElo "1543"]
[BlackElo "1615"]
[PlyCount "109"]
[EventDate "2019.01.27"]
[EventType "swiss"]
[EventRounds "11"]
[EventCountry "TUR"]
[SourceTitle "CBM 188 Extra"]
[Source "ChessBase"]
[SourceDate "2019.02.26"]
[SourceVersion "1"]
[SourceVersionDate "2019.02.26"]
[SourceQuality "1"]

1. e4 c5 2. Nc3 e6 3. g3 Nc6 4. Bg2 Nf6 5. f4 d5 6. e5 Nd7 7. Nf3 a6 8. 0-0 b5 9. d4 cxd4 10. Ne2 Bc5 11. Nexd4 Qb6 12. c3 Bb7 13. Kh1 Rc8 14. Nxc6 Bxc6 15. Nd4 0-0 16. Be3 a5 17. Nxc6 Rxc6 18. Bxc5 Rxc5 19. Qf3 Rfc8 20. a3 b4 21. axb4 axb4 22. cxb4 Qxb4 23. Qa3 Qxa3 24. Rxa3 Rc2 25. Ra7 Nb6 26. Rb7 Rxb2 27. h4 Nc4 28. Rxb2 Nxb2 29. Rb1 Nc4 30. Rc1 h5 31. Bf3 g6 32. Be2 Ra8 33. Rb1 Nd2 34. Rb2 Ne4 35. Kh2 Ra3 36. g4 hxg4 37. Bxg4 d4 38. Re2 Nc5 39. Rc2 Rc3 40. Rd2 d3 41. Bf3 Rc2 42. Rg2 d2 43. h5 Rb2 44. hxg6 Na4 45. g7 Nc3 46. Bh5 Rb7 47. Rxd2 Kxg7 48. Rg2+ Kf8 49. Rg3 Nd5 50. Rf3 f5 51. Kg3 Rg7+ 52. Kh4 Rg1 53. Rf2 Rh1+ 54. Kg5 Rg1+ 55. Kh4 1/2-1/2

[Event "TUR Cup"]
[Site "Antalya"]
[Date "2019.02.01"]
[Round "9"]
[White "Avan, Olcay"]
[Black "Pasa, Ahmet"]
[Result "1/2-1/2"]
[WhiteElo "1617"]
[BlackElo "1543"]
[PlyCount "76"]
[EventDate "2019.01.27"]
[EventType "swiss"]
[EventRounds "11"]
[EventCountry "TUR"]
[SourceTitle "CBM 188 Extra"]
[Source "ChessBase"]
[SourceDate "2019.02.26"]
[SourceVersion "1"]
[SourceVersionDate "2019.02.26"]
[SourceQuality "1"]

1. d4 Nf6 2. Nf3 g6 3. g3 Bg7 4. Bg2 d6 5. 0-0 0-0 6. c4 Nbd7 7. Nc3 e5 8. e4 exd4 9. Nxd4 a5 10. Be3 Nc5 11. h3 Re8 12. Qc2 c6 13. Rad1 Qe7 14. Bg5 h6 15. Bxf6 Qxf6 16. f4 Bd7 17. Rd2 Rad8 18. Rfd1 Qe7 19. Nb3 Nxb3 20. Qxb3 Bc8 21. Qa3 Qc7 22. Rxd6 Bf8 23. Rxd8 Rxd8 24. Qb3 Rxd1+ 25. Nxd1 Be6 26. Qd3 Qb6+ 27. Kh2 Qb4 28. Bf1 Bg7 29. b3 a4 30. f5 gxf5 31. exf5 Bc8 32. Qd8+ Kh7 33. f6 Qf8 34. Bd3+ Kg8 35. Qxf8+ Bxf8 36. Nc3 axb3 37. axb3 Bb4 38. Ne4 Ba3 1/2-1/2

[Event "TUR Cup"]
[Site "Antalya"]
[Date "2019.01.31"]
[Round "7"]
[White "Dinler, Oral"]
[Black "Pasa, Ahmet"]
[Result "0-1"]
[WhiteElo "1688"]
[BlackElo "1543"]
[PlyCount "122"]
[EventDate "2019.01.27"]
[EventType "swiss"]
[EventRounds "11"]
[EventCountry "TUR"]
[SourceTitle "CBM 188 Extra"]
[Source "ChessBase"]
[SourceDate "2019.02.26"]
[SourceVersion "1"]
[SourceVersionDate "2019.02.26"]
[SourceQuality "1"]

1. d4 Nf6 2. Bf4 g6 3. e3 Bg7 4. Bd3 d6 5. h3 0-0 6. Nf3 Nbd7 7. e4 c5 8. c3 Re8 9. d5 c4 10. Bc2 Qb6 11. Qc1 Nc5 12. Nbd2 Qc7 13. 0-0 b5 14. Re1 Bb7 15. Nd4 a6 16. f3 Nfd7 17. Nf1 Ne5 18. Bxe5 Bxe5 19. Qg5 Bf6 20. Qh6 Bg7 21. Qg5 Bf6 22. Qg3 Qb6 23. Rad1 b4 24. Ne3 bxc3 25. bxc3 Qa5 26. Ng4 Bg7 27. f4 Nd7 28. f5 Qxa2 29. Ne3 Qa5 30. fxg6 hxg6 31. Nxc4 Qc7 32. Bb3 Ne5 33. Nxe5 Bxe5 34. Qd3 Rac8 35. c4 Qb6 36. Ba2 Rc7 37. Kh1 Qa5 38. Bb3 Qb6 39. Nf3 Bg7 40. Rb1 Qc5 41. Qf1 Bf6 42. Nh2 a5 43. Ng4 Bg7 44. Qf4 Qd4 45. Red1 Qc3 46. Ba4 Rec8 47. Bb5 Qa3 48. Rf1 Rf8 49. Nh6+ Bxh6 50. Qxh6 Qc3 51. Ra1 Rcc8 52. Ra4 Ra8 53. Rfa1 Ra7 54. Qh4 Rfa8 55. Qf4 Kg7 56. Rf1 Rf8 57. Qf2 Raa8 58. Qb6 Rfb8 59. Rfa1 Bxd5 60. Qc7 Bxe4 61. Qxe7 Qxh3+ 0-1

[Event "TUR Cup"]
[Site "Antalya"]
[Date "2019.01.31"]
[Round "8"]
[White "Pasa, Ahmet"]
[Black "Tahaoglu, Erkin"]
[Result "0-1"]
[WhiteElo "1543"]
[BlackElo "1714"]
[PlyCount "132"]
[EventDate "2019.01.27"]
[EventType "swiss"]
[EventRounds "11"]
[EventCountry "TUR"]
[SourceTitle "CBM 188 Extra"]
[Source "ChessBase"]
[SourceDate "2019.02.26"]
[SourceVersion "1"]
[SourceVersionDate "2019.02.26"]
[SourceQuality "1"]

1. e4 d5 2. exd5 Qxd5 3. Nc3 Qd6 4. d4 c6 5. Be3 Nf6 6. Nf3 Bg4 7. h3 Bh5 8. g4 Bg6 9. Ne5 e6 10. Qd2 Nbd7 11. Nxg6 hxg6 12. Bg2 Qc7 13. 0-0-0 Bd6 14. Kb1 Nd5 15. Nxd5 exd5 16. Rhe1 0-0-0 17. a3 f6 18. Qd3 g5 19. Bc1 Rhe8 20. Qg6 Rxe1 21. Rxe1 Nf8 22. Qf5+ Qd7 23. Qxd7+ Kxd7 24. Bf1 Re8 25. Re3 Ne6 26. c3 Bf4 27. Re1 Bxc1 28. Kxc1 Rh8 29. a4 Nf4 30. Re3 b6 31. b4 Kd6 32. Kc2 Kd7 33. Kb3 Kd6 34. Kc2 Ra8 35. Kb3 Rh8 36. Kc2 a5 37. bxa5 bxa5 38. Kc1 Ne6 39. Kc2 c5 40. dxc5+ Nxc5 41. Bb5 Ne4 42. Rf3 Rc8 43. Kb2 Rc5 44. Ba6 Rc7 45. Bb5 Ke7 46. Re3 Kd6 47. Rf3 Nd2 48. Rd3 Nc4+ 49. Kb3 Ne5 50. Re3 g6 51. Ba6 f5 52. gxf5 gxf5 53. Rg3 g4 54. hxg4 fxg4 55. Be2 Rg7 56. Bd1 Nc4 57. Rxg4 Rb7+ 58. Ka2 Rb2+ 59. Ka1 Rxf2 60. Bb3 Nd2 61. Ba2 Ne4 62. c4 Nc3 63. Bb3 d4 64. Rxd4+ Kc5 65. Rd8 Kb4 66. c5 Kxb3 0-1